Statistics for Football Players Clubs #1

Click here to take the quiz!

General Stats

  • This quiz has been taken 56 times
  • The average score is 14 of 31

Answer Stats

Hint Answer % Correct
Yaya ToureManchester City
93%
Gonzalo Higuain
90%
Angel Di Maria
90%
Angel Di MariaParis SG
90%
Luis SuarezLiverpool FC
85%
Luis SuarezFC Barcelona
85%
Hugo LlorisOlympique Lyonnais
83%
Luis SuarezAFC Ajax
73%
Mehdi BenatiaBayern Munich
71%
Marco Reus
68%
James Rodriguez
68%
James Rodriguez2014-
59%
Mehdi BenatiaAS Roma
46%
James Rodriguez2013-14
44%
Marco ReusBorussia M'Gladbach
41%
Paulo Dybala
41%
James Rodriguez2010-13
39%
James Rodriguez2008-10
32%
James Rodriguez2007-08
29%
Yaya ToureAS Monaco
24%
Mehdi BenatiaUdinese Calcio
20%
Luis SuarezFC Groningen
20%
Shkodran Mustafi
20%
Cesar Azpilicueta
17%
Diego GodinVillarreal CF
17%
Cesar AzpilicuetaChelsea FC
17%
Luis SuarezNacional
15%
Mehdi BenatiaOlympique de Marseille
12%
Yaya ToureMetalurg Donetsk
12%
Diego GodinNacional
10%
Paulo DybalaCordoba
2%

Score Distribution

Percentile by Number Answered

Percent of People with Each Score

Your Score History

You have not taken this quiz